<?xml version="1.0" encoding="UTF-8"?>
<record
    xmlns:xsi="http://www.w3.org/2001/XMLSchema-instance"
    xsi:schemaLocation="http://www.loc.gov/MARC21/slim http://www.loc.gov/standards/marcxml/schema/MARC21slim.xsd"
    xmlns="http://www.loc.gov/MARC21/slim">

  <leader>02446    a2200301 i 4500</leader>
  <controlfield tag="001">265283511</controlfield>
  <controlfield tag="003">MePoLT</controlfield>
  <controlfield tag="005">20240607120711.0</controlfield>
  <controlfield tag="008">240606b           ||||| |||| 00| 0 eng d</controlfield>
  <datafield tag="020" ind1=" " ind2=" ">
    <subfield code="a">9781119748793</subfield>
  </datafield>
  <datafield tag="038" ind1=" " ind2=" ">
    <subfield code="a">Malang Jan</subfield>
  </datafield>
  <datafield tag="040" ind1=" " ind2=" ">
    <subfield code="a">MePoLT</subfield>
    <subfield code="c">MePoLT</subfield>
    <subfield code="e">rda</subfield>
  </datafield>
  <datafield tag="082" ind1=" " ind2=" ">
    <subfield code="a">720.47</subfield>
    <subfield code="b">ALT</subfield>
  </datafield>
  <datafield tag="090" ind1=" " ind2="4">
    <subfield code="a">NA2500.A484</subfield>
  </datafield>
  <datafield tag="245" ind1="0" ind2="0">
    <subfield code="a">Alt-Form: </subfield>
    <subfield code="6">Indeterminacy and Disorder/</subfield>
    <subfield code="c">edited by Viola Ago</subfield>
  </datafield>
  <datafield tag="264" ind1=" " ind2="1">
    <subfield code="a">London:</subfield>
    <subfield code="b">John Wiley &amp; Sons;</subfield>
    <subfield code="c">2022.</subfield>
  </datafield>
  <datafield tag="300" ind1=" " ind2=" ">
    <subfield code="a">128p.:</subfield>
    <subfield code="b">ill;</subfield>
    <subfield code="c">27cm.</subfield>
  </datafield>
  <datafield tag="440" ind1="1" ind2="0">
    <subfield code="a">Architectural design</subfield>
    <subfield code="9">33235</subfield>
  </datafield>
  <datafield tag="490" ind1="1" ind2="0">
    <subfield code="a">Architectural design</subfield>
    <subfield code="v">vol:92,no:02</subfield>
  </datafield>
  <datafield tag="505" ind1=" " ind2=" ">
    <subfield code="a">Introduction. Embracing Uncertainty : How Policies Shape the World / Viola Ago -- Articles. Chaos, Creativity, Change : The Cybernetic Logic of Late Capitalism / Andrew Culp -- Architectonisation : The Spatio-Temporal Rhythms of Contemporary Sculptural Practices / Suzanne Cotter -- Kombinat : The Unseen and Their Architectural Oddkins / Dorina Pllumbi -- Painterly, Misfit and Redundant : Challenging Precision and Optimisation with Scavenging / Faysal Tabbarah -- Moving Pictures : Three Installations for Public Life / Jennifer Newsom -- Heavyweight : Undermining Power Structures Through Spatial Destabilisation and Force Simulation / Jeffrey Halstead -- Rude Forms Among Us : Contemporary Construction of Prehistoric Ruins / Anna Neimark -- 'Strange Networks' : Inhabiting the Boundary Condition A Conversation with Thom Mayne / Viola Ago -- Chromophobia in the 'Smart' City / Carolyn L Kane -- Images of Former Futures and Reformations / Dalena Tran -- Rendering Representational Atmosphere Appropriating Formalisms Around Invisible Objects in Film / Carl Lostritto -- Signature Urbanism : Shaping Subperceptual Forms for the New Multispectral City / Ersela Kripa, Stephen Mueller -- Rebellious Architecture : Bayou ReconstructedV Mitch McEwen, Kristina Kay Robinson -- An Aesthetic of Collapse : Alternative Form, Disorder and Indeterminacy A Conversation with Jack Halberstam / Viola Ago -- From Another Perspective. Sculpting the Forest of Symbols Nick Ervinck / Neil Spiller.</subfield>
  </datafield>
  <datafield tag="520" ind1=" " ind2=" ">
    <subfield code="a">Alt-Form: Indeterminacy and Disorder (Architectural Design) by Viola Ago (2022)</subfield>
  </datafield>
  <datafield tag="650" ind1=" " ind2=" ">
    <subfield code="a">Architectural design</subfield>
    <subfield code="9">31720</subfield>
  </datafield>
  <datafield tag="650" ind1=" " ind2=" ">
    <subfield code="a">Form (Aesthetics)</subfield>
    <subfield code="9">33475</subfield>
  </datafield>
  <datafield tag="650" ind1=" " ind2=" ">
    <subfield code="a">Design architectural</subfield>
    <subfield code="9">123195</subfield>
  </datafield>
  <datafield tag="700" ind1="1" ind2=" ">
    <subfield code="a">Ago,Viola</subfield>
    <subfield code="9">123300</subfield>
  </datafield>
  <datafield tag="942" ind1=" " ind2=" ">
    <subfield code="2">ddc</subfield>
    <subfield code="c">BK</subfield>
  </datafield>
  <datafield tag="999" ind1=" " ind2=" ">
    <subfield code="c">609529</subfield>
    <subfield code="d">609529</subfield>
  </datafield>
  <datafield tag="952" ind1=" " ind2=" ">
    <subfield code="0">0</subfield>
    <subfield code="1">0</subfield>
    <subfield code="2">ddc</subfield>
    <subfield code="4">0</subfield>
    <subfield code="7">0</subfield>
    <subfield code="a">SADA</subfield>
    <subfield code="b">SADA</subfield>
    <subfield code="d">2024-06-03</subfield>
    <subfield code="e">Golden Books</subfield>
    <subfield code="o">720.47 ALT 2022</subfield>
    <subfield code="p">SADA0003036</subfield>
    <subfield code="r">2024-06-06</subfield>
    <subfield code="t">01</subfield>
    <subfield code="v">9967.50</subfield>
    <subfield code="w">2024-06-06</subfield>
    <subfield code="y">BK</subfield>
  </datafield>
</record>
